Natural Rubber: Agromanagement and Crop Processing (Record no. 45050)

MARC details
000 -LEADER
fixed length control field 00349nam a2200109Ia 4500
100 ## - MAIN ENTRY--AUTHOR NAME
Personal name P. J. George and C. Kuruvilla Jacob
245 #0 - TITLE STATEMENT
Title Natural Rubber: Agromanagement and Crop Processing
260 ## - PUBLICATION, DISTRIBUTION, ETC. (IMPRINT)
Name of publisher Rubber Research Institute of India
Place of publication Kottayam
Year of publication 2000
650 ## - SUBJECT ADDED ENTRY--TOPICAL TERM
Topical Term Crop management
942 ## - ADDED ENTRY ELEMENTS (KOHA)
Koha item type Publications
Holdings
Withdrawn status Lost status Damaged status Not for loan Collection code Home library Current library Date acquired Cost, normal purchase price Accession Number Koha item type
      Publications Book publications RRII Library RRII Library 31/12/2021 2000.00 BK 2 Publications